Grundlagen der Gehörbildung in praktischen Beispielen
Saved in:
| Main Author: | |
|---|---|
| Format: | Book |
| Language: | German |
| Published: |
Múnich
Musikverlag Kurt Maas
1985
|
| Subjects: | |
| Tags: |
Add Tag
No Tags, Be the first to tag this record!
|
MARC
| LEADER | 00000nam a2200000 a 4500 | ||
|---|---|---|---|
| 001 | UCY3501 | ||
| 003 | CL-VaPUC | ||
| 008 | 950103e19850000GW |||||||||||||||||ger|d | ||
| 082 | 0 | 4 | |a 781.424 |b ROT |2 21 |
| 100 | 0 | |a Rottler, Werner |e author |9 331804 | |
| 245 | 1 | 0 | |a Grundlagen der Gehörbildung in praktischen Beispielen |
| 942 | |c BK | ||
| 945 | |d 19950103 00:00:00 |a mfernand | ||
| 260 | |a Múnich |b Musikverlag Kurt Maas |c 1985 | ||
| 650 | 7 | |a TECNICAS AUDITIVAS |2 CL-VaPUC |9 331805 | |
| 650 | 7 | |a TECNICAS DE LA MUSICA |2 CL-VaPUC |9 331806 | |
| 583 | |a last modification |c 19950103 00:00:00 |k Rodrigo Vera | ||
| 999 | |c 231616 |d 231614 | ||
| 952 | |0 0 |1 0 |4 0 |6 781_424000000000000_ROT_1985 |7 0 |8 A |9 235049 |a BIBEDU |b BIBEDU |d 2019-11-15 |i 3046966 |o 781.424 ROT 1985 |p 3046966 |r 2023-01-12 |w 2019-11-15 |y BK |k MUS | ||